000 01041cam a2200313 a 4500
001 2544695
003 PILC
005 20150112093429.0
008 941012s1995 inua 001 0 eng d
010 _a 94069281
020 _a0672306670
035 _a(OCoLC)31848324
040 _aICRL
_cICRL
_dNIIC
_dDLC
042 _alccopycat
050 0 4 _aQA 76.76
_b.L549 1995
082 0 0 _aCSF 005.61
_bL54 1995
100 1 _aLemay, Laura.
_98635
245 1 0 _aTeach yourself Web publishing with HTML in a week /
_cLaura Lemay.
246 3 _aWeb publishing with HTML in a week
250 _a1st ed.
260 _aIndianapolis, Ind. :
_bSams Pub.,
_c1995.
300 _a403 pages :
_billustration ;
_c23 cm.
650 0 _aHTML (Document markup language)
_98636
650 0 _aElectronic publishing
_xProgrammed instruction.
_98640
650 0 _aWorld Wide Web.
_98638
906 _a7
_bcbc
_ccopycat
_d2
_eopcn
_f19
_gy-gencatlg
942 _2lcc
_cBK
999 _c14298
_d14298